000 00780nam a22002175i 4500
001 177611
003 ES-MaACL
005 20230906220355.0
008 110406s1972 sp |||| | spa d
080 _a347.63/.633
100 1 _aGómez de Liaño y González, Fernando.
_9146021
245 1 4 _aLos hijos ilegítimos y adoptivos
_b: su problemática actual /
_cpor Fernando Gómez de Liaño y González.
260 _aMadrid :
_bMontecorvo,
_c1972.
300 _a193 p. ;
_c25 cm.
490 1 _aMonografías. Colección de estudios jurídicos ;
_v32
504 _aBibliografía: p. 187-193.
650 0 4 _aAdopción.
_99651
830 0 _aMonografías. Colección de estudios jurídicos ;
_v32
_9190484
852 _aES-MaACL
_jE-14815
_xOlim P-860-bis
999 _c177611
_d177611